| Tag |
First Indicator |
Second Indicator |
Subfields |
| LEADER |
00000cas a2200000 a 4500 |
| 001 |
in00000002361 |
| 008 |
980218c19979999vauuu f0 0eng d |
| 005 |
20230310162307.6 |
| 010 |
|
|
|a sn 98023064
|
| 035 |
|
|
|a (OCoLC)38466446
|
| 035 |
|
|
|9 AJF4514AM
|
| 035 |
|
|
|a in00000002361
|
| 040 |
|
|
|d GPO
|d DLC
|d MvI
|d UtOrBLW
|
| 042 |
|
|
|a lcd
|
| 043 |
|
|
|a n-us---
|
| 049 |
|
|
|a UDOC
|a WWW
|
| 050 |
1 |
4 |
|a U393
|b .H54
|
| 074 |
|
|
|a 0306
|
| 074 |
|
|
|a 0306 (online)
|
| 086 |
0 |
|
|a D 1.2:M 72/2
|
| 245 |
0 |
0 |
|a High performance computing modernization plan /
|c Department of Defense, United States of America.
|
| 246 |
1 |
4 |
|a Modernization plan ...
|
| 246 |
1 |
7 |
|a HPC modernization plan
|
| 264 |
|
1 |
|a Arlington, VA :
|b DoD HPC Modernization Office,
|c 1997-
|
| 300 |
|
|
|a volumes :
|b illustrations ;
|c 28 cm.
|
| 336 |
|
|
|a text
|b txt
|2 rdacontent
|
| 337 |
|
|
|a unmediated
|b n
|2 rdamedia
|
| 338 |
|
|
|a volume
|b nc
|2 rdacarrier
|
| 362 |
1 |
|
|a Mar. 1997-
|
| 515 |
|
|
|a Vols. for Mar. 1997- called also 3rd ed.-
|
| 530 |
|
|
|a Some issues also available via Internet from the HPC Modernization Office web site.
|
| 550 |
|
|
|a Produced for the DoD HPC Modernization Office by the Publications Branch, Technical Information Division, Naval Research Laboratory.
|
| 650 |
|
0 |
|a Military research
|z United States.
|
| 650 |
|
0 |
|a High performance computing
|z United States.
|
| 650 |
|
0 |
|a Computer networks
|z United States.
|
| 610 |
1 |
0 |
|a United States.
|b Department of Defense
|x Appropriations and expenditures.
|
| 780 |
0 |
0 |
|t DoD HPC modernization plan
|
| 710 |
1 |
|
|a United States.
|b DoD HPC Modernization Office.
|
| 710 |
2 |
|
|a Naval Research Laboratory (U.S.).
|b Publications Branch.
|
| 856 |
4 |
1 |
|u https://purl.fdlp.gov/GPO/LPS2383
|t 0
|
| 999 |
|
|
|a MARS
|
| 999 |
f |
f |
|i 2fd2362f-bb2e-309f-a10d-2334eb4433b7
|s 6e4082ac-28d3-362b-accb-3d0924d3292c
|t 0
|
| 952 |
f |
f |
|a Texas A&M University
|b College Station
|c Sterling C. Evans Library
|d Evans: US Documents (Annex 5th floor)
|t 0
|e D 1.2:M 72/2
|h Superintendent of Documents classification
|
| 952 |
f |
f |
|a Texas A&M University
|b College Station
|c Electronic Resources
|d Available Online
|t 0
|e D 1.2:M 72/2
|h Superintendent of Documents classification
|
| 998 |
f |
f |
|a D 1.2:M 72/2
|t 0
|l Evans: US Documents (Annex 5th floor)
|
| 998 |
f |
f |
|a D 1.2:M 72/2
|s For holdings go to URL.
|t 0
|l Available Online
|